El Empleo es el talón de Aquiles de las reformas
Na minha lista:
| Formato: | Texto |
|---|---|
| Assuntos: | |
| Tags: |
Adicionar Tag
Sem tags, seja o primeiro a adicionar uma tag!
|
MARC
| LEADER | 00000 a a2200000 04500 | ||
|---|---|---|---|
| 001 | 10224 | ||
| 003 | |||
| 040 | |a CRAI/IIS |c CRAI/IIS | ||
| 245 | |a El Empleo es el talón de Aquiles de las reformas | ||
| 650 | |a EMPLEO | ||
| 650 | |a CREACION DE EMPLEOS | ||
| 650 | |a SALARIOS | ||
| 650 | |a EMPLEO | ||
| 773 | |g número 10; páginas 5-7 | ||
| 999 | |c 20046 |d 20046 | ||
